00853cam a2200205 a 450000100100000000500170001000800410002704000250006808200180009310000390011124500880015026000210023830000330025965000440029270000300033670000300036695201150039695201210051199900150063200000423920200929151421.0740130s1972 nyua p 000 0 eng  aDO-SdBNPbspacBNPHU a794.12bF529b1 aFischer, Bobby,d1943-2008.91253110aBobby Fischer teaches chess, /cBobby Fischer, Stuart Margulies y Donn Mosenfelder. aNew York,c1972. axiv, 334 p. :bil. ;c24 cm. 0aAjedrezxEstrategia y tácticas9125321 aMargulies, Stuart.9125331 aMosenfelder, Donn.912534 001050718MOaGRbGRcHDd2009-07-20iLF1l0o794.12 F529bp4239-10r2020-06-25w2020-06-25y1ZNo se presta 001150718MOaGRbGRcMId2017-05-19iLF1l0o794.12 F529bp4239-20r2020-06-25te. 2w2020-06-25y1ZNo se presta c4053d4053